000 00316nam a22001337a 4500
008 170222b xxu||||| |||| 00| 0 eng d
020 _a0801632773
041 _aeng
080 _24TH
_a616.31
100 _a5
101 _aSHS
245 _aDENTISTRY FOR THE CHILD AND ADOLESCENT
_cMCDONALD, R.E
942 _2udc
_cBK
999 _c6102
_d6102